000 00661nam a22001577a 4500
008 170309b xxu||||| |||| 00| 0 eng d
082 _22016
_aUT 0712
_bB12
100 _919176
_aBacalso, Jeanette C.
245 _aKakayahan Sa Pagbasa na may Pang-unawa ng mga Mga-aaral sa Ikasampung taon ng Bato National High School- Bato Sta. Cruz, Davao del Sur Taong 2016-2017.
_cJeanette C. Bacalso, Josielyn H. Gemoya and Romeo Cadiz.
300 _a57 pages;
_b29 cm.
650 0 _919177
_aEducation
_vFilipino
_xUndergraduate Thesis.
700 _919178
_aBacalso, Jeanette C.
700 _919179
_aGemoya, Josielyn H.
700 _919180
_aCadiz, Romeo B.
942 _2ddc
_cUT
999 _c6371
_d6371